| 000 | 00733pam a2200217 a 4500 | ||
|---|---|---|---|
| 999 |
_c58337 _d58337 |
||
| 001 | 3959039 | ||
| 005 | 20240123162319.0 | ||
| 008 | 940223s1994 enk b 001 0 eng | ||
| 020 | _a9780486680293 | ||
| 041 | _aeng | ||
| 080 | _a519.4 I-85 | ||
| 100 | 1 |
_aIsaacson, Eugene. _912904 |
|
| 245 | 1 | 0 |
_aAnalysis of numerical methods / _cEugene Isaacson, Herbert Bishop Keller. |
| 264 |
_aNew York : _bDover Publications, _c1994. |
||
| 300 |
_a541 p. ; _c22 cm. |
||
| 653 | _aმათემატიკა | ||
| 653 | _aრიცხვითი ანალიზი | ||
| 700 | 1 |
_aKeller, Herbert Bishop. _912905 |
|
| 856 | 4 | 2 |
_3Publisher description _uhttp://www.loc.gov/catdir/description/dover031/94007740.html |
| 942 |
_2udc _cBK |
||